000 01962nam a2200241Ia 4500
003 Ost
005 20260507075140.0
008 260507s9999||||xx |||||||||||||| ||und||
020 _a9107422977
040 _cfsecg
041 _aara
082 _a330
100 _aعبد الحميد، عبد المطلب
_eمؤلف
245 0 _aالديون المصرفية المتعثرة والأزمة المالية المصرفية العالمية :
_bأزمة الرهن العقاري الامريكية /
_c عبد المطلب عبد الحميد
260 _aالاسكندرية:
_bالدار الجامعية,
_c2009
300 _a378 صفحة؛
_bإيضاحات ؛
_c24 سم
520 _aالإطار المنهجي للديون المصرفية المتعثرة محور الأزمة- مفاهيم أساسية حول التعثر من منظور مصرفي- مراحل التعثر ومؤشراته وأنواع الديون المصرفية المتعثرة- الآثار الأقتصادية للديون المصرفية المتعثرة- المعالجة المصرفية للديون المتعثرة- دور السياسات الإقتصادية والبنك المركزي- الأزمة الأمريكية للرهن العقاري والأزمة المالية المصرفية العالمية- الأزمة الأمريكية للرهن العقاري وأبعادها المختلفة- أسباب الأزمة المالية المصرفية العالمية- الآثار الأقتصادية للأزمة المالية المصرفية العالمية الأمريكية- أساليب مواجهة الأزمة المالية المصرفية العالمية الأمريكية دولياوعربيا والدروس المستفادة
653 _aالأزمة المالية العالمية
653 _aالديون
653 _aالديون الخارجية
653 _aالمصارف- الديون
942 _cكتاب
999 _c43293
_d43293